000 00528nam a2200181Ia 4500
008 240729s9999 xx 000 0 und d
022 _a2666-6030
245 0 _aInternational Journal of Intelligent Networks
260 _aChina
260 _bKeAi Communications Co., Ltd.
650 _a Electronic computers. Computer science
650 _a Instruments and machines
650 _a Mathematics
650 _aScience
856 _uhttps://doaj.org/toc/f065bdc5e98a459c8afe166de72a8d51
942 _2ddc
942 _cDOAJEJ
999 _c67765
_d67765
945 _a1
_bMadushi Gamage
_c1
_dMadushi Gamage